000 01174nam1a2200289 4500
001 RU\NLR\BIBL_A\022470455
005 20250807185212.0
035 _a(NLR Aleph) 022470455
090 _a82370
_c82370
100 _a20250807 rusy50
101 0 _aaze
102 _aAZ
105 _ay z 000 y
181 0 _ai
_baxxe
182 0 _an
200 1 _aАрифметика мәсәлә вә мисаллары
_eибтидаи мәктәбин...үчүн
_fН. С. Попова
203 _aТекст
_bвизуальный
_cнепосредственный
205 _a2-ҹи стереотип чапы
210 _aБаки
_cАзәрнәшр.Тәдрис педагожи шѳ'бәси
_d1941
215 _d22
541 1 _aСборник арифметических задач и упражнений
_eдля нач. шк.
_zrus
700 1 _aПопова
_bН. С.
_cпедагог-математик
_f1885-1975
_gНаталья Сергеевна
_3RU\NLR\AUTH\770198576
_4070
852 _aNLR
_bОНЛ
_jАзерб./3-1643
942 _cBOOK
945 _aРоссийская национальная библиотека
980 _aBV